Elaboració del Llibre del poble
ISBN:
84-7794-393-1
Descripción Física:
24 p. ; 28 x 14 cm
Colección:
Guies metodològiques ; 2
MARC
| LEADER | 00000nam a2200000Ia 4500 | ||
|---|---|---|---|
| 001 | 11112 | ||
| 008 | 160829s9999 xx 000 0 cat d | ||
| 020 | |a 84-7794-393-1 | ||
| 080 | |a FU-27-7 | ||
| 245 | |a Elaboració del Llibre del poble | ||
| 260 | |a [Barcelona] : |b Diputació de Barcelona, Àrea d'Educació, cop. 1995 | ||
| 300 | |a 24 p. ; |c 28 x 14 cm | ||
| 490 | |a Guies metodològiques ; 2 | ||
| 650 | |a Història local |x Metodologia |9 22250 | ||
| 650 | |a Llibre del poble |x Metodologia |9 22251 | ||
| 650 | |a Ciències socials |x Didàctica I |9 22252 | ||
| 650 | 0 | |a Coneixement del medi urbà |9 22253 | |
| 650 | |a Ciutats i educació |9 25636 | ||
| 710 | |a Barcelona (Catalunya : Província). |b Àrea d'Educació |9 8009 | ||
| 901 | |a Arxiu | ||
| 942 | |n 1 | ||
| 952 | |0 0 |1 0 |4 0 |6 FU277 |7 1 |9 42139 |a Arxiu |b Arxiu |d 2016-12-01 |l 0 |o FU-27-7 |p 11112 |r 2016-12-01 00:00:00 |w 2016-12-01 |y ARXIU | ||
| 999 | |c 44586 |d 44586 | ||